Richest Countries in South Asia - Statistics

General Stats
  • This quiz has been taken 17 times
  • The average score is 6 of 7
Answer Stats
Hint Answer % Correct
2 Sri Lanka
100%
3 Bhutan
93%
4 India
93%
1 Maldives
93%
5 Bangladesh
87%
7 Nepal
87%
6 Pakistan
87%
No matching quizzes found
Score Distribution
Percent of People with Each Score
Percentile by Number Answered
Your Score History
You have not taken this quiz